Flight travel companion as a progressive web application

Enregistré dans:
Détails bibliographiques
Auteur principal: Samady, Hikmatullah (Auteur)
Autres auteurs: Mladoniczky, Milan (Directeur de thèse)
Format: Manuscrit Livre
Langue:slovaque
anglais
Publié: Bratislava : STU v Bratislave FEI, 2023
Sujets:
Accès en ligne:https://opac.crzp.sk/?fn=detailBiblioFormChildC10I19&sid=08878EB2E7E37CD090907BC0752B&seo=CRZP-detail-kniha
Tags: Ajouter un tag
Pas de tags, Soyez le premier à ajouter un tag!

MARC

LEADER 00000ntm a22000003a 4500
001 stuzp93742
003 SK-STU
005 20241113141704.1
007 ta
008 150427s2015----xo-----f-mn---000-0-slo-d
040 |a STU  |b slo 
041 0 |a eng 
044 |a xo 
100 1 |a Samady, Hikmatullah  |u 035000  |4 aut  |U FEI Fakulta elektrotechniky a informatiky  |T FEI Ústav informatiky a matematiky  |X 104576  |U E050  |Y 816  |7 104576 
242 0 1 |a Cestovný asistent ako webová progresívna aplikácia  |y slo 
245 1 0 |a Flight travel companion as a progressive web application 
260 |a Bratislava :  |b STU v Bratislave FEI,  |c 2023 
300 |a 63 s., príl. 
650 4 |a PWA  |2 slo 
650 4 |a React  |2 slo 
650 4 |a Nest.js  |2 slo 
650 4 |a JWT  |2 slo 
650 4 |a Docker  |2 slo 
650 4 |a PWA  |2 eng 
650 4 |a React  |2 eng 
650 4 |a Nest.js  |2 eng 
650 4 |a JWT  |2 eng 
650 4 |a Docker  |2 eng 
700 1 |a Mladoniczky, Milan  |u 035000  |k Z3  |4 ths  |U FEI Fakulta elektrotechniky a informatiky  |T FEI Ústav informatiky a matematiky  |X 70127  |U E050  |Y 816  |7 70127 
856 4 |u https://opac.crzp.sk/?fn=detailBiblioFormChildC10I19&sid=08878EB2E7E37CD090907BC0752B&seo=CRZP-detail-kniha